000 01333nam a22002417a 4500
005 20250530121534.0
008 250412b |||||||| |||| 00| 0 eng d
020 _a9789356870048
040 _cSDCL
041 _2eng
_aeng
084 _aV2x'P R4
245 _aLabour, diaspora and marginality :
_bEssays in honour of Professor Sabyasachi Bhattacharya
260 _aDelhi :
_bPrimus Books,
_c2024.
300 _axviii,594p.
520 _aLabour, Diaspora and Marginality traces the intellectual legacy of Professor Sabyasachi Bhattacharya (1938-2019), a towering figure in the field of Indian history. He was an exceptional intellectual, infused with ethical sensibility and humanism. Beginning with his earlier forte in economic history, he eventually contributed to a significant trend in labour studies and gave shape to that turn within the specific context of India and other postcolonial nations. He left an indelible impression across the sub-_elds within history such as education, and political, socio-cultural and intellectual histories of India.
650 _aDalits -- History -- India
_9811164
650 _aIndia -- History
650 _aLabor -- History -- India
_9811165
700 _aRao, Yagati Chinna
_9752229
700 _aPatel, Hitender K.
_9811166
942 _2CC
_cTEXL
_n0
999 _c1308924
_d1308924